00278nam a22000977a 4500008004100000041000800041080001000049100000600059101001000065245010500075190311b xxu||||| |||| 00| 0 eng d aeng a043.3 a0 aSI-MA aIdentification of key factors of digital transformation of Businesses: Case of Kosovo SMEscSadriu,R